000 00522nam a2200193Ia 4500
003 IN-BaIIA
008 211028s9999 xx 000 0 eng d
020 _a0-85274-292-4
040 _cIIA Library
080 _a52
_bROY
100 _aRoy, A. E.
_99627
245 0 _aAstronomy
_bprinciples and practice
_cA. E. Roy and D. Clarke
260 _aBristol
_bAdam Hilger
_c1977
300 _axv, 342p.
650 _aAstronomy
_980
650 _aAstronomy and astrophysics thesaurus
700 _aClarke, D.
_99628
942 _cBK
999 _c5536
_d5536